[Event "Veneto-ch qf 65th"]
[Site "Arqua Petrarca"]
[Date "2005.05.14"]
[Round "4.20"]
[White "Nagliati, Paolo"]
[Black "Morganti, Lionello"]
[Result "1-0"]
[WhiteElo "1727"]
[BlackElo "1667"]
[PlyCount "89"]
[EventDate "2005.05.07"]
[EventType "swiss"]
[EventRounds "6"]
[EventCountry "ITA"]
[SourceTitle "EXT 2024"]
[Source "ChessBase"]
[SourceDate "2023.10.10"]
[SourceVersion "1"]
[SourceVersionDate "2023.10.10"]
[SourceQuality "1"]

1. e4 g6 2. d4 Bg7 3. Nf3 d6 4. Be2 Nf6 5. Nc3 Nbd7 6. e5 dxe5 7. dxe5 Ng4 8. e6 fxe6 9. Ng5 Nxf2 10. Kxf2 0-0+ 11. Bf3 Nc5 12. Qxd8 Rxd8 13. Be3 Na6 14. Rhd1 Rf8 15. Kg1 c6 16. Bg4 Nc7 17. Rd3 h6 18. Nge4 Nd5 19. Rf1 Nxe3 20. Rxf8+ Kxf8 21. Rxe3 Bd4 22. Kf2 Kf7 23. Ke2 Bxe3 24. Kxe3 b6 25. Nb1 Bb7 26. Nbd2 c5 27. Nc4 Bxe4 28. Kxe4 Kf6 29. Bf3 Rd8 30. Ke3 Rd4 31. b3 Rd8 32. Na3 a5 33. Nc4 Rb8 34. a4 h5 35. Kd3 h4 36. h3 g5 37. Ke4 b5 38. axb5 Rxb5 39. Kd3 e5 40. Bc6 Rb8 41. Nxa5 Kf5 42. Ke3 Rb6 43. Be4+ Kf6 44. Nb7 c4 45. bxc4 1-0

[Event "Padua Province-ch"]
[Site "Monselice"]
[Date "2005.01.16"]
[Round "6"]
[White "Cestonaro, Federico"]
[Black "Nagliati, Paolo"]
[Result "0-1"]
[WhiteElo "1565"]
[BlackElo "1796"]
[PlyCount "70"]
[EventDate "2005.01.08"]
[EventType "swiss"]
[EventRounds "6"]
[EventCountry "ITA"]
[SourceTitle "EXT 2024"]
[Source "ChessBase"]
[SourceDate "2023.10.10"]
[SourceVersion "1"]
[SourceVersionDate "2023.10.10"]
[SourceQuality "1"]

1. d4 d6 2. c4 Nd7 3. Nf3 e5 4. Nc3 Ngf6 5. Bg5 c6 6. e3 Be7 7. Bd3 0-0 8. 0-0 Ne8 9. Bxe7 Qxe7 10. Qc2 g6 11. dxe5 dxe5 12. a3 Ng7 13. b4 f5 14. e4 f4 15. c5 g5 16. Bc4+ Kh8 17. Rfd1 g4 18. Ne1 Rf6 19. f3 h5 20. Qf2 Rg6 21. Ne2 Nf6 22. Rd6 gxf3 23. Qxf3 Bg4 24. Qd3 Nge8 25. Rd1 Nxd6 26. cxd6 Qd7 27. Nf3 Bxf3 28. Qxf3 Qg4 29. Qxg4 hxg4 30. d7 Rd8 31. Nxf4 exf4 32. e5 Rxd7 33. Rxd7 Nxd7 34. e6 Nf6 35. e7 Kg7 0-1

[Event "Padua Province-ch"]
[Site "Monselice"]
[Date "2005.01.09"]
[Round "2"]
[White "Rossi, Carlo"]
[Black "Nagliati, Paolo"]
[Result "1-0"]
[WhiteElo "2367"]
[BlackElo "1796"]
[PlyCount "71"]
[EventDate "2005.01.08"]
[EventType "swiss"]
[EventRounds "6"]
[EventCountry "ITA"]
[SourceTitle "EXT 2024"]
[Source "ChessBase"]
[SourceDate "2023.10.10"]
[SourceVersion "1"]
[SourceVersionDate "2023.10.10"]
[SourceQuality "1"]

1. e4 d5 2. Nc3 d4 3. Nce2 c5 4. Ng3 g6 5. Bc4 Nf6 6. e5 Nd5 7. Qf3 Be6 8. Ne4 Nd7 9. Qb3 Nc7 10. f4 Bxc4 11. Qxc4 b5 12. Qe2 Bg7 13. Nf3 0-0 14. h4 f6 15. h5 fxe5 16. hxg6 h6 17. fxe5 Qe8 18. Nh4 Nxe5 19. Qh5 Qd7 20. d3 Qg4 21. Qxg4 Nxg4 22. Nxc5 Rf6 23. Ne4 Rc6 24. 0-0 Rf8 25. Rxf8+ Bxf8 26. Nf5 e5 27. g7 Bc5 28. a3 Nd5 29. Bd2 Ne7 30. Nfg3 Kxg7 31. Nxc5 Rxc5 32. Bb4 Rc7 33. Bxe7 Rxe7 34. Nf5+ Kf7 35. Nxe7 Kxe7 36. c3 1-0

[Event "Padova op-B 7th"]
[Site "Padova"]
[Date "2004.12.19"]
[Round "5"]
[White "Pomaro, Alberto"]
[Black "Nagliati, Paolo"]
[Result "1-0"]
[WhiteElo "1697"]
[BlackElo "1829"]
[PlyCount "67"]
[EventDate "2004.12.11"]
[EventType "swiss"]
[EventRounds "6"]
[EventCountry "ITA"]
[SourceTitle "EXT 2023"]
[Source "ChessBase"]
[SourceDate "2022.10.05"]
[SourceVersion "1"]
[SourceVersionDate "2022.10.05"]
[SourceQuality "1"]

1. d4 d6 2. e4 Nf6 3. Nc3 g6 4. Bc4 Bg7 5. Bg5 c6 6. f4 Ng4 7. Qd2 b5 8. Bb3 b4 9. Nd1 a5 10. a3 bxa3 11. Rxa3 Nf6 12. Nf2 Bb7 13. Nf3 Qb6 14. c3 0-0 15. Qc2 Re8 16. 0-0 Nbd7 17. e5 Nd5 18. Bxd5 cxd5 19. Nd3 f6 20. Rb3 Qc7 21. Bh4 Nb6 22. exd6 exd6 23. Re1 Nc4 24. Nd2 Bc6 25. Nc1 Ba4 26. Rxe8+ Rxe8 27. Rb7 Qxb7 28. Qxa4 Rc8 29. Nxc4 dxc4 30. Qa3 Qe4 31. Bf2 Qxf4 32. Ne2 Qe4 33. Ng3 Qd5 34. h3 1-0

[Event "Padova op-B 7th"]
[Site "Padova"]
[Date "2004.12.11"]
[Round "1"]
[White "Rigo, Caterina"]
[Black "Nagliati, Paolo"]
[Result "0-1"]
[WhiteElo "1667"]
[BlackElo "1829"]
[PlyCount "108"]
[EventDate "2004.12.11"]
[EventType "swiss"]
[EventRounds "6"]
[EventCountry "ITA"]
[SourceTitle "EXT 2023"]
[Source "ChessBase"]
[SourceDate "2022.10.05"]
[SourceVersion "1"]
[SourceVersionDate "2022.10.05"]
[SourceQuality "1"]

1. e4 d5 2. exd5 Nf6 3. Nc3 Nxd5 4. Nxd5 Qxd5 5. Nf3 Nc6 6. h3 e5 7. b3 Bf5 8. Bc4 Qe4+ 9. Qe2 f6 10. c3 Qxe2+ 11. Bxe2 e4 12. Nh2 Ne5 13. 0-0 0-0-0 14. f3 Nd3 15. Bxd3 Rxd3 16. Re1 Bc5+ 17. Kh1 exf3 18. Nxf3 Bxh3 19. Re4 Bf5 20. Rf4 Bd7 21. Ne1 Rd5 22. Nf3 Rh5+ 23. Rh4 Rxh4+ 24. Nxh4 Bf2 25. Nf3 Bc6 26. d4 Re8 27. Bd2 Re2 28. Rd1 Be4 29. Bf4 Bxf3 30. gxf3 Rxa2 31. Rd2 Rxd2 32. Bxd2 Bg3 33. f4 f5 34. Kg2 Bh4 35. c4 Bf6 36. d5 Kd7 37. Be3 b6 38. Kf3 Kd6 39. Bf2 a6 40. b4 Bc3 41. Kg3 Bxb4 42. Bd4 g6 43. Kh4 h6 44. Bg7 Be1+ 45. Kh3 g5 46. Bxh6 g4+ 47. Kg2 Kc5 48. Kf1 Ba5 49. Bg7 Kxc4 50. Be5 Kxd5 51. Bxc7 Ke4 52. Kg2 Ke3 53. Kg3 Be1+ 54. Kg2 b5 0-1

[Event "Veneto-ch Quarti di Finale 64th"]
[Site "Arqua Petrarca"]
[Date "2004.05.15"]
[Round "4.11"]
[White "Nagliati, Paolo"]
[Black "Roberti, Ignazio"]
[Result "0-1"]
[WhiteElo "1829"]
[BlackElo "1992"]
[PlyCount "92"]
[EventDate "2004.05.08"]
[EventType "swiss"]
[EventRounds "6"]
[EventCountry "ITA"]
[SourceTitle "EXT 2023"]
[Source "ChessBase"]
[SourceDate "2022.10.05"]
[SourceVersion "1"]
[SourceVersionDate "2022.10.05"]
[SourceQuality "1"]

1. e4 c5 2. b3 Nc6 3. Bb2 d6 4. Bb5 e6 5. Nf3 Nf6 6. Qe2 Bd7 7. Bxc6 Bxc6 8. d3 Be7 9. Nbd2 0-0 10. 0-0 Rc8 11. e5 Nd5 12. Ne4 Nf4 13. Qe3 Ng6 14. Nxd6 Bxd6 15. exd6 Qxd6 16. Nd2 Qd5 17. f3 Nh4 18. Qe5 f6 19. Qxd5 exd5 20. Rfe1 Rfe8 21. Kf2 b5 22. Rxe8+ Rxe8 23. Nf1 d4 24. Ba3 b4 25. Bb2 Nf5 26. Bc1 Ne7 27. a3 Nd5 28. Bd2 Re7 29. axb4 cxb4 30. Ra5 Nc3 31. Ng3 Kf7 32. Rc5 Ba8 33. Rc4 Nd1+ 34. Kf1 Ne3+ 35. Bxe3 dxe3 36. Rxb4 g6 37. Ke2 f5 38. Nf1 g5 39. c4 f4 40. d4 g4 41. Rb5 gxf3+ 42. gxf3 Bxf3+ 43. Ke1 Kf6 44. Ra5 Rg7 45. Ra1 Kf5 46. b4 Rg2 0-1

[Event "Veneto-ch Quarti di Finale 64th"]
[Site "Arqua Petrarca"]
[Date "2004.04.16"]
[Round "6.12"]
[White "Faccia, Sergio"]
[Black "Nagliati, Paolo"]
[Result "1-0"]
[WhiteElo "1980"]
[BlackElo "1829"]
[PlyCount "41"]
[EventDate "2004.05.08"]
[EventType "swiss"]
[EventRounds "6"]
[EventCountry "ITA"]
[SourceTitle "EXT 2023"]
[Source "ChessBase"]
[SourceDate "2022.10.05"]
[SourceVersion "1"]
[SourceVersionDate "2022.10.05"]
[SourceQuality "1"]

1. e4 d5 2. exd5 Nf6 3. Nc3 Nxd5 4. Nxd5 Qxd5 5. Nf3 Bg4 6. Be2 Nc6 7. 0-0 0-0-0 8. d3 e5 9. Be3 f6 10. c3 Bf5 11. d4 exd4 12. Nxd4 Nxd4 13. Bxd4 c5 14. Be3 Qe5 15. Qa4 Bd6 16. g3 Kb8 17. Bf3 Qe7 18. b4 Qc7 19. bxc5 Bxc5 20. Bxc5 Qxc5 21. Rab1 1-0

[Event "Padova Fornace op 4th"]
[Site "Padova"]
[Date "2001.12.22"]
[Round "4.23"]
[White "Grandesso, Emanuele"]
[Black "Nagliati, Paolo"]
[Result "0-1"]
[WhiteElo "1500"]
[BlackElo "1756"]
[PlyCount "120"]
[EventDate "2001.12.15"]
[EventType "swiss"]
[EventRounds "6"]
[EventCountry "ITA"]
[SourceTitle "EXT 2024"]
[Source "ChessBase"]
[SourceDate "2023.10.10"]
[SourceVersion "1"]
[SourceVersionDate "2023.10.10"]
[SourceQuality "1"]

1. e4 d5 2. exd5 Nf6 3. Nf3 Nxd5 4. d3 Nc6 5. Be2 Bf5 6. a3 e5 7. 0-0 Bd6 8. Be3 Nd4 9. Bxd4 exd4 10. Nxd4 Bxh2+ 11. Kh1 Bg6 12. Re1 Be5 13. Nf3 Bd6 14. Bf1+ Ne7 15. Nc3 0-0 16. d4 c6 17. Bd3 Nf5 18. g3 Bc7 19. Bxf5 Bxf5 20. Kg2 f6 21. Rh1 Qd7 22. Qe2 Rfe8 23. Qc4+ Qf7 24. Qxf7+ Kxf7 25. Rac1 h6 26. Rhd1 Rad8 27. Nh4 Bh7 28. Kh2 Bb6 29. Nf3 Re7 30. Na2 Re2 31. Rd2 Rxd2 32. Nxd2 Bxd4 33. c3 Bxf2 34. Nc4 Bc5 35. Rf1 Kg6 36. Kh3 Bg8 37. b3 Be6+ 38. Kh4 Bxc4 39. bxc4 Bxa3 40. Rb1 f5 41. Rxb7 Rd2 42. Kh3 Rxa2 43. Rxa7 Ra1 44. Ra6 Kh5 45. Rxc6 Rc1 46. Rb6 Rxc3 47. Rc6 f4 48. Rb6 Rxg3+ 49. Kh2 Bc5 50. Rb5 Rg5 51. Rb3 Kg4 52. Rh3 Rh5 53. Rxh5 Kxh5 54. Kh3 f3 55. Kh2 Kg4 56. Kh1 f2 57. Kg2 h5 58. Kh2 h4 59. Kg2 h3+ 60. Kh2 Bd6+ 0-1

[Event "Padova Fornace op 4th"]
[Site "Padova"]
[Date "2001.12.16"]
[Round "3.13"]
[White "Nagliati, Paolo"]
[Black "Borgato, Alessandro"]
[Result "0-1"]
[WhiteElo "1756"]
[BlackElo "1561"]
[PlyCount "52"]
[EventDate "2001.12.15"]
[EventType "swiss"]
[EventRounds "6"]
[EventCountry "ITA"]
[SourceTitle "EXT 2024"]
[Source "ChessBase"]
[SourceDate "2023.10.10"]
[SourceVersion "1"]
[SourceVersionDate "2023.10.10"]
[SourceQuality "1"]

1. e4 e5 2. Nf3 d6 3. g3 Nf6 4. Nc3 Nc6 5. Bg2 Be7 6. d4 exd4 7. Nxd4 Nxd4 8. Qxd4 0-0 9. 0-0 Rb8 10. Qxa7 Bg4 11. h3 Be6 12. Qd4 Qc8 13. Kh2 h6 14. Nd5 Nxd5 15. exd5 Bd7 16. c3 Re8 17. Re1 Bf6 18. Rxe8+ Qxe8 19. Qe4 Qxe4 20. Bxe4 Re8 21. Bf3 Re1 22. h4 g5 23. hxg5 Bxg5 24. Bxg5 Rxa1 25. Be3 Rxa2 26. b4 Rc2 0-1

[Event "Padova op-A 1st"]
[Site "Padova"]
[Date "1998.12.20"]
[Round "6.22"]
[White "Nagliati, Paolo"]
[Black "Quaranta, Cristiano"]
[Result "1-0"]
[WhiteElo "1591"]
[BlackElo "1491"]
[PlyCount "133"]
[EventDate "1998.12.12"]
[EventType "swiss"]
[EventRounds "6"]
[EventCountry "ITA"]
[SourceTitle "EXT 2023"]
[Source "ChessBase"]
[SourceDate "2022.10.05"]
[SourceVersion "1"]
[SourceVersionDate "2022.10.05"]
[SourceQuality "1"]

1. e4 c5 2. Nc3 Nc6 3. g3 Nf6 4. Bg2 d6 5. h3 g6 6. d3 Bg7 7. Be3 0-0 8. Nge2 Bd7 9. 0-0 Qc8 10. Kh2 b5 11. Qd2 b4 12. Nd1 Ne5 13. Ng1 a5 14. f4 Nc6 15. Nf2 Ne8 16. c3 bxc3 17. bxc3 Nc7 18. Rab1 Rb8 19. g4 Nb5 20. Nd1 Na3 21. Rb2 Nb1 22. Qc2 Rxb2 23. Qxb2 Qb8 24. Qc1 Qb5 25. c4 Qb6 26. Rf2 Rb8 27. e5 Qa7 28. Rb2 Rxb2 29. Qxb2 Qb8 30. Qxb8+ Nxb8 31. exd6 exd6 32. Bc1 Nc6 33. Bxc6 Bxc6 34. Kg3 Nc3 35. Nxc3 Bxc3 36. Kf2 Kf8 37. Ne2 Bf6 38. g5 Bg7 39. Bd2 a4 40. Ke3 Bg2 41. h4 Ke7 42. Bc3 Bxc3 43. Nxc3 Bc6 44. Ne4 Bxe4 45. dxe4 Kd7 46. e5 dxe5 47. fxe5 Ke7 48. Ke4 Ke6 49. a3 Kd7 50. Kd5 Kc7 51. Kxc5 Kd7 52. Kb6 Ke6 53. c5 Kxe5 54. c6 f5 55. gxf6 Kxf6 56. c7 g5 57. hxg5+ Kxg5 58. c8Q h5 59. Qh3 h4 60. Kc5 Kh5 61. Kd5 Kg5 62. Ke5 Kh5 63. Kf4 Kh6 64. Qxh4+ Kg7 65. Qe7+ Kh8 66. Kg5 Kg8 67. Kg6 1-0

[Event "Padova op-A 1st"]
[Site "Padova"]
[Date "1998.12.13"]
[Round "2.28"]
[White "Nagliati, Paolo"]
[Black "Pilotto, Alessandro"]
[Result "1-0"]
[WhiteElo "1591"]
[BlackElo "1467"]
[PlyCount "63"]
[EventDate "1998.12.12"]
[EventType "swiss"]
[EventRounds "6"]
[EventCountry "ITA"]
[SourceTitle "EXT 2023"]
[Source "ChessBase"]
[SourceDate "2022.10.05"]
[SourceVersion "1"]
[SourceVersionDate "2022.10.05"]
[SourceQuality "1"]

1. e4 e6 2. d4 c5 3. Nf3 cxd4 4. Nxd4 a6 5. Be3 Bc5 6. Nxe6 Qa5+ 7. Bd2 Bxf2+ 8. Kxf2 Qb6+ 9. Be3 Qxe6 10. Nc3 Nf6 11. Be2 Nxe4+ 12. Nxe4 Qxe4 13. Bf3 Qh4+ 14. g3 Qf6 15. Bd4 Qd6 16. Re1+ Kd8 17. Qd2 a5 18. Qe3 Ra6 19. Bxg7 Rg8 20. Qg5+ Kc7 21. Qe5 Qxe5 22. Bxe5+ d6 23. Bf4 Be6 24. b3 Nc6 25. c3 b5 26. Rad1 Ne7 27. Re2 Ng6 28. Bc1 Ne5 29. Bg2 Bg4 30. Rxe5 dxe5 31. Rd5 Rc6 32. Rxe5 1-0